000 00863nam a22002297a 4500
999 _c11612
_d11612
003 AR-CdUCM
008 190404b ||||| |||| 00| 0 spa d
040 _aMUNICIPALIDAD PROVINCIAL DEL CUSCO
_cBIBLIOTECA MUNICIPAL DEL CUSCO
082 _a329.192 /
_bH413
100 _aHaya de la Torre, Víctor Raúl
_929066
245 _aMensaje de la Europa nórdica /
260 _aBuenos Aires :
_bContinente,
_c1956.
300 _a210 páginas ;
_c21 cm.
505 _aContenido: Los Pueblos enérgicos -- Una visita al palacio de la corte mundial: epilogo del asilo --la Europa que nonos dejan ver: ¿Que llamarían ustedes una democracia ideal? ...
650 _aPerú
_935
650 _aPolíticos
_931
650 _aCorrespondencia
_95664
650 _aSiglo XX.
_98
650 _aDescripciones y viajes
_9497
942 _2ddc
_cLIBROS
945 _acmm
_d2019-04-04